[Event "Rheinland Pfalz op 13th"]
[Site "Engers"]
[Date "2023.06.08"]
[Round "1"]
[White "Ollenberger, Roland"]
[Black "Nagel, Ralf"]
[Result "1-0"]
[WhiteElo "2280"]
[BlackElo "1660"]
[PlyCount "73"]
[EventDate "2023.06.08"]
[EventType "swiss"]
[EventRounds "7"]
[EventCountry "GER"]
[SourceTitle "CBM 214 Extra"]
[Source "ChessBase"]
[SourceDate "2023.07.31"]
[SourceVersion "1"]
[SourceVersionDate "2023.07.31"]
[SourceQuality "1"]

1. Nc3 d5 2. e4 d4 3. Nce2 c5 4. Nf3 Nc6 5. Ng3 e6 6. Bb5 a6 7. Bxc6+ bxc6 8. d3 Qc7 9. 0-0 Bd6 10. Qe2 f6 11. e5 Bxe5 12. Nxe5 Qxe5 13. Qxe5 fxe5 14. b3 a5 15. Ba3 c4 16. bxc4 Ne7 17. Rfe1 Ng6 18. Rab1 Kd7 19. Ne4 Re8 20. Ng5 h6 21. Nf3 Kc7 22. h4 a4 23. h5 Ne7 24. Rxe5 Ng8 25. Nxd4 Bd7 26. Rbe1 Nf6 27. f3 Ra7 28. Nxe6+ Bxe6 29. Rxe6 Rxe6 30. Rxe6 Nxh5 31. Re7+ Kb8 32. Bd6+ Ka8 33. Rxa7+ Kxa7 34. Be5 Kb6 35. g4 Nf6 36. Bxf6 gxf6 37. c3 1-0

[Event "BL2-Sued 2122"]
[Site "Germany"]
[Date "2022.06.19"]
[Round "8.4"]
[White "Hirneise, Jens"]
[Black "Ollenberger, Roland"]
[Result "0-1"]
[WhiteElo "2314"]
[BlackElo "2266"]
[PlyCount "90"]
[EventDate "2022.03.05"]
[EventType "team-tourn"]
[EventRounds "10"]
[EventCountry "GER"]
[SourceTitle "EXT 2023"]
[Source "ChessBase"]
[SourceDate "2022.10.05"]
[SourceVersion "1"]
[SourceVersionDate "2022.10.05"]
[SourceQuality "1"]
[WhiteTeam "Boeblingen"]
[BlackTeam "Worms"]
[WhiteTeamCountry "GER"]
[BlackTeamCountry "GER"]

1. e4 e5 2. Nf3 Nc6 3. Bb5 a6 4. Ba4 Nf6 5. d3 b5 6. Bb3 Be7 7. 0-0 0-0 8. Nc3 d6 9. a3 Bg4 10. Be3 Qd7 11. Nd5 Na5 12. Nxf6+ Bxf6 13. Ba2 Nc6 14. Bd5 Rad8 15. h3 Be6 16. c4 Ne7 17. Bxe6 Qxe6 18. Nd2 c6 19. Qc2 d5 20. cxd5 cxd5 21. Nb3 d4 22. Bd2 Rc8 23. Nc5 Qc6 24. Rfc1 Ng6 25. b4 Be7 26. Qa2 Nh4 27. Kh1 Qg6 28. Rg1 Bxc5 29. bxc5 Rc6 30. Qd5 Qe6 31. Ba5 Rfc8 32. Bb6 Qf6 33. a4 Ng6 34. axb5 axb5 35. Qb3 Nf4 36. Qxb5 Qh6 37. Kh2 g5 38. Rh1 g4 39. Kg1 gxh3 40. g3 Qh5 41. Qb1 Qf3 42. Qf1 Rh6 43. Rd1 Rcc6 44. Bd8 h2+ 45. Rxh2 Ne2+ 0-1

[Event "Sitges Sunway op 8th"]
[Site "Sitges"]
[Date "2021.12.15"]
[Round "3"]
[White "Garriga Cazorla, Pere"]
[Black "Ollenberger, Roland"]
[Result "1-0"]
[WhiteElo "2477"]
[BlackElo "2255"]
[PlyCount "69"]
[EventDate "2021.12.13"]
[EventType "swiss"]
[EventRounds "10"]
[EventCountry "ESP"]
[SourceTitle "CBM 205 Extra"]
[Source "ChessBase"]
[SourceDate "2022.01.31"]
[SourceVersion "1"]
[SourceVersionDate "2022.01.31"]
[SourceQuality "1"]

1. d4 Nf6 2. c4 e6 3. Nf3 Bb4+ 4. Nbd2 0-0 5. a3 Be7 6. e4 d5 7. e5 Nfd7 8. Bd3 c5 9. h4 h6 10. Bb1 cxd4 11. Qc2 f5 12. cxd5 exd5 13. Nb3 Nc6 14. Bf4 Qb6 15. Ba2 Re8 16. 0-0-0 Nc5 17. Nbxd4 Nxd4 18. Nxd4 Bd7 19. Nxf5 Bxf5 20. Qxf5 Na4 21. Bxd5+ Kh8 22. Rd2 Rf8 23. Qe4 Rac8+ 24. Kd1 Nxb2+ 25. Ke2 Bxa3 26. Ra1 Qb5+ 27. Kf3 Nc4 28. Rd4 Qb2 29. Rad1 b5 30. g3 Bc5 31. Kg2 Bxd4 32. Rxd4 Qb4 33. Qg6 Qe7 34. Be4 Kg8 35. e6 1-0

[Event "Oberliga Sued W 1819"]
[Site "Germany"]
[Date "2019.02.03"]
[Round "6.3"]
[White "Hermann, Thomas"]
[Black "Ollenberger, Roland"]
[Result "1-0"]
[WhiteElo "2110"]
[BlackElo "2270"]
[PlyCount "59"]
[EventDate "2018.10.21"]
[EventType "team-tourn"]
[EventRounds "9"]
[EventCountry "GER"]
[SourceTitle "EXT 2020"]
[Source "ChessBase"]
[SourceDate "2019.10.17"]
[SourceVersion "1"]
[SourceVersionDate "2019.10.17"]
[SourceQuality "1"]
[WhiteTeam "Winterbach Turm"]
[BlackTeam "Worms"]
[WhiteTeamCountry "GER"]
[BlackTeamCountry "GER"]

1. d4 g6 2. Bf4 Bg7 3. Nc3 d5 4. e3 Nf6 5. h4 Bf5 6. Be2 h5 7. Nf3 c6 8. Ne5 Nbd7 9. 0-0 Ne4 10. Nxe4 Bxe4 11. Bd3 Nxe5 12. dxe5 Bxd3 13. Qxd3 e6 14. Bg5 Qb6 15. Qa3 c5 16. Qa4+ Kf8 17. f4 Qc6 18. Qxc6 bxc6 19. c4 Ke8 20. Rac1 Rc8 21. Rc2 Kd7 22. Rfc1 Bf8 23. Rc3 Rb8 24. Ra3 Rb7 25. Rcc3 Kc7 26. Ra6 Rxb2 27. Rxa7+ Kb6 28. Rca3 dxc4 29. Bd8+ Kb5 30. Rb7# 1-0

[Event "Oberliga Sued W 1718"]
[Site "Germany"]
[Date "2017.12.10"]
[Round "6.3"]
[White "Ollenberger, Roland"]
[Black "Michels, Achim"]
[Result "0-1"]
[WhiteElo "2287"]
[BlackElo "2160"]
[PlyCount "80"]
[EventDate "2017.09.10"]
[EventType "team-tourn"]
[EventRounds "11"]
[EventCountry "GER"]
[SourceTitle "EXT 2019"]
[Source "ChessBase"]
[SourceDate "2018.10.10"]
[SourceVersion "1"]
[SourceVersionDate "2018.10.10"]
[SourceQuality "1"]
[WhiteTeam "Worms"]
[BlackTeam "Gau Algesheim"]
[WhiteTeamCountry "GER"]
[BlackTeamCountry "GER"]

1. Nc3 c5 2. e4 a6 3. g3 Nc6 4. Bg2 g6 5. d3 Bg7 6. Nh3 d6 7. Nd5 e6 8. Ne3 Nge7 9. 0-0 d5 10. a4 Rb8 11. exd5 exd5 12. a5 Bxh3 13. Bxh3 0-0 14. Qd2 Nd4 15. Bg2 Qd7 16. Qd1 Rfd8 17. Re1 h5 18. c3 Ndc6 19. Nc2 b5 20. axb6 Rxb6 21. Re2 Rdb8 22. Ne1 Qf5 23. Qa4 Kh7 24. Qa3 d4 25. Be4 Qg4 26. Bf3 Qf5 27. Bf4 Rc8 28. Be4 Qg4 29. f3 Qd7 30. Qxc5 dxc3 31. bxc3 Nd4 32. Qxb6 Nxe2+ 33. Kg2 Nxf4+ 34. gxf4 Bxc3 35. Rb1 Bxe1 36. Rxe1 Rc2+ 37. Kh1 Qh3 38. Qg1 Nf5 39. d4 Rd2 40. d5 h4 0-1

[Event "Oberliga Sued W 1718"]
[Site "Germany"]
[Date "2017.09.10"]
[Round "1.3"]
[White "Dany, Alexander"]
[Black "Ollenberger, Roland"]
[Result "1-0"]
[WhiteElo "2114"]
[BlackElo "2287"]
[PlyCount "97"]
[EventDate "2017.09.10"]
[EventType "team-tourn"]
[EventRounds "11"]
[EventCountry "GER"]
[SourceTitle "EXT 2019"]
[Source "ChessBase"]
[SourceDate "2018.10.10"]
[SourceVersion "1"]
[SourceVersionDate "2018.10.10"]
[SourceQuality "1"]
[WhiteTeam "Trier"]
[BlackTeam "Worms"]
[WhiteTeamCountry "GER"]
[BlackTeamCountry "GER"]

1. d4 Nf6 2. Nf3 d5 3. c4 c6 4. cxd5 cxd5 5. Nc3 Nc6 6. Ne5 e6 7. Nxc6 bxc6 8. Bf4 Qb6 9. Rb1 Ba6 10. e3 Bxf1 11. Kxf1 Be7 12. Qd3 0-0 13. Ke2 Nd7 14. Rhc1 c5 15. b3 cxd4 16. Na4 Qa5 17. Bc7 Qb4 18. Qxd4 Qb5+ 19. Qd3 Qb7 20. Bg3 Rfc8 21. Qd2 Bb4 22. Qb2 Qb5+ 23. Kf3 Nf6 24. Rxc8+ Rxc8 25. Rc1 Rxc1 26. Qxc1 h6 27. Qc8+ Kh7 28. Be5 Ne4 29. Qc2 Qf1 30. Nb2 f6 31. Nd3 Be7 32. Bb8 f5 33. Nf4 Ng5+ 34. Kg3 Ne4+ 35. Kf3 g5 36. Nxe6 Qa6 37. Nd4 g4+ 38. Kf4 Bg5+ 39. Ke5 Bf6+ 40. Kxf5 Qb7 41. Qc7+ Qxc7 42. Bxc7 Bg7 43. Bg3 h5 44. Ke6 Nc3 45. Nc6 Nxa2 46. Kxd5 a6 47. Kc4 Bf8 48. e4 Kg6 49. Bf4 1-0

[Event "Pfalz-ch MT-A 86th"]
[Site "Wolfstein"]
[Date "2017.04.14"]
[Round "7"]
[White "Syrov, Arkadi"]
[Black "Ollenberger, Roland"]
[Result "1-0"]
[WhiteElo "2175"]
[BlackElo "2315"]
[PlyCount "107"]
[EventDate "2017.04.07"]
[EventType "tourn"]
[EventRounds "9"]
[EventCountry "GER"]
[SourceTitle "EXT 2018"]
[Source "ChessBase"]
[SourceDate "2017.10.13"]
[SourceVersion "1"]
[SourceVersionDate "2017.10.13"]
[SourceQuality "1"]

1. e4 g6 2. d4 Bg7 3. Nc3 d6 4. f4 Nc6 5. Nf3 Bg4 6. Be3 Bxf3 7. gxf3 e6 8. Qd2 Nf6 9. 0-0-0 d5 10. f5 exf5 11. exf5 Ne7 12. Bh3 Qd7 13. Bh6 0-0 14. Rhg1 Qc6 15. Rde1 Rae8 16. fxg6 hxg6 17. Re5 Kh7 18. Bxg7 Kxg7 19. Rge1 Nc8 20. Bxc8 Rxc8 21. f4 Rce8 22. Qg2 Qd7 23. f5 c6 24. fxg6 fxg6 25. Rg1 Rxe5 26. Qxg6+ Kh8 27. dxe5 Nh7 28. e6 Qe7 29. Ne2 Qf6 30. Qxf6+ Nxf6 31. Nf4 Kh7 32. Kd2 Re8 33. Ke3 c5 34. Rg5 d4+ 35. Kd3 b6 36. b4 cxb4 37. Kxd4 Rc8 38. Ke5 Ne8 39. Rg2 Rc5+ 40. Nd5 Nc7 41. Rd2 Nxe6 42. Kxe6 a5 43. Kd6 Rc4 44. Nxb6 Rc3 45. Kd5 Ra3 46. Nc4 Rxa2 47. Kc5 Kg6 48. Kb5 a4 49. Kxb4 Kf5 50. Na3 Rb2+ 51. Kxa4 Kf4 52. Rd4+ Kf5 53. Rb4 Ra2 54. Rb1 1-0

[Event "Pfalz-ch MT-A 86th"]
[Site "Wolfstein"]
[Date "2017.04.09"]
[Round "4"]
[White "Commercon, Simon"]
[Black "Ollenberger, Roland"]
[Result "1/2-1/2"]
[WhiteElo "2285"]
[BlackElo "2315"]
[PlyCount "176"]
[EventDate "2017.04.07"]
[EventType "tourn"]
[EventRounds "9"]
[EventCountry "GER"]
[SourceTitle "EXT 2018"]
[Source "ChessBase"]
[SourceDate "2017.10.13"]
[SourceVersion "1"]
[SourceVersionDate "2017.10.13"]
[SourceQuality "1"]

1. d4 g6 2. g3 Bg7 3. Bg2 d6 4. Nf3 Nd7 5. 0-0 e5 6. e4 Ne7 7. Nc3 0-0 8. Be3 exd4 9. Nxd4 Ne5 10. h3 Nc4 11. Bc1 Nc6 12. Nde2 Be6 13. b3 Nb6 14. Bb2 Qg5 15. Rb1 Rfe8 16. a4 Rad8 17. Nf4 Nb4 18. Nce2 Bxb2 19. Rxb2 Qe5 20. c3 Bd7 21. Rd2 Na6 22. Nd5 Nxd5 23. Rxd5 Qg7 24. b4 Be6 25. Rd4 Nb8 26. b5 Nd7 27. f4 Nc5 28. Nc1 Qf8 29. f5 Bc8 30. Ne2 Re5 31. Nf4 gxf5 32. exf5 Bxf5 33. Nd5 Ne6 34. Rd2 Bg6 35. Nf6+ Kh8 36. Rdf2 Nc5 37. Ng4 Re7 38. Nf6 Qg7 39. Rf4 Re3 40. Rg4 Nd7 41. Nd5 Rd3 42. Qxd3 Bxd3 43. Rxg7 Kxg7 44. Rf4 Ne5 45. Nxc7 Rc8 46. Nd5 b6 47. Rd4 Bc2 48. Kf2 Rc4 49. Ne3 Rxc3 50. Ke2 Bg6 51. Be4 Ra3 52. g4 Ra2+ 53. Kf1 Bxe4 54. Rxe4 Rh2 55. Nf5+ Kf6 56. Nxd6 Rxh3 57. Nc8 Rc3 58. Nxa7 Rc7 59. Nc6 Nxc6 60. Rc4 Ke5 61. bxc6 Kd5 62. Rf4 Kxc6 63. Kg2 Ra7 64. Kg3 Kd6 65. Kh4 Ke7 66. Rb4 Ra6 67. Re4+ Kf6 68. Rb4 Kg6 69. Rf4 f6 70. Rb4 Ra5 71. Rxb6 Rxa4 72. Rb5 Ra1 73. Rc5 Rh1+ 74. Kg3 Re1 75. Kf4 Re5 76. Rc6 Ra5 77. Rc4 h5 78. gxh5+ Rxh5 79. Rc8 Rh4+ 80. Kg3 Ra4 81. Rc3 Kg5 82. Rb3 f5 83. Rc3 Rg4+ 84. Kf3 Rh4 85. Kg3 f4+ 86. Kg2 Rh8 87. Rc7 Re8 88. Kf3 Re3+ 1/2-1/2